| 000 | 00784nam a22001935i 4500 | ||
|---|---|---|---|
| 001 | 159612 | ||
| 003 | ES-MaACL | ||
| 005 | 20260306063016.0 | ||
| 008 | 000802s1877 fr af |||| | fre d | ||
| 040 |
_aCCPB | B _bspa _cCCPB | B |
||
| 100 | 1 |
_aMichiels, Alfred, _d1813-1892 _9129898 |
|
| 245 | 1 | 2 |
_aL'Art Flamand dans l'est et le midi de la France _b: rapport au Gouvernement Français : complément de l'Histoire de la Peinture Flamande / _cpar Alfred Michiels. |
| 260 |
_aParis : _bLibrairie Renouard, Henri Loones, successeur, _c1877 ( _fJules le Clere et C\pie\s) |
||
| 300 |
_a556 p., [1] h. de grab. ; _c23 cm. |
||
| 650 | 7 |
_aPintura flamenca _2embne _916046 |
|
| 752 |
_aFrancia - _dParís |
||
| 852 |
_aES-MaACL _jG-8133 _z-- Enc. hol. |
||
| 999 |
_c159612 _d159612 |
||